书目信息 |
| 题名: |
锅炉热工测试技术
|
|
| 作者: | 刘文铁 编 | |
| 分册: | ||
| 出版信息: | 哈尔滨 哈尔滨工业大学出版社 1996.03 |
|
| 页数: | 291页 | |
| 开本: | 16开 | |
| 丛书名: | ||
| 单 册: | ||
| 中图分类: | TK3 | |
| 科图分类: | ||
| 主题词: | 热工测量 , 热力工程--自动控制 | |
| 电子资源: | ||
| ISBN: | 7-5603-0198-3 | |
| 000 | 00591nam0 2200205 45 | |
| 001 | 0009121551 | |
| 005 | 20000912154431.2 | |
| 010 | @a7-5603-0198-3@d18.00元 | |
| 100 | @a20000912d1996 km y0chiy0120 ea | |
| 101 | 0 | @achi |
| 105 | @a z 000yy | |
| 200 | 1 | @a锅炉热工测试技术@AGuo Lu Re Gong Ce Shi Ji Shu@f刘文铁等编@FLiu Wen Tie Deng Bian |
| 210 | @a哈尔滨@c哈尔滨工业大学出版社@d1996.03 | |
| 215 | @a291页@d16开 | |
| 606 | 0 | @a热工测量 |
| 606 | 0 | @a热力工程@x自动控制 |
| 690 | @aTK3@v3 | |
| 701 | 0 | @a刘文铁@4编 |
| 801 | @aCN@bPftUser@c20000912 | |
| 905 | @b138008-012@dTK3@eL849=2@f5 | |
| 锅炉热工测试技术/刘文铁等编.-哈尔滨:哈尔滨工业大学出版社,1996.03 |
| 291页;16开 |
| ISBN 7-5603-0198-3:18.00元 |
| ● |
| 相关链接 |
|
|
|
正题名:锅炉热工测试技术
索取号:TK3/L849=2
 
预约/预借
| 序号 | 登录号 | 条形码 | 馆藏地/架位号 | 状态 | 备注 |
| 1 | 138008 | 201380086 | 自科库501/501自科库 136排6列1层/ [索取号:TK3/L849=2] | 在馆 | |
| 2 | 138009 | 201380095 | 自科库501/501自科库 136排6列1层/ [索取号:TK3/L849=2] | 在馆 | |
| 3 | 138010 | 201380102 | 能源与建筑环境工程学院资料室/ [索取号:TK3/L849=2] | 在馆 | |
| 4 | 138011 | 201380111 | 能源与建筑环境工程学院资料室/ [索取号:TK3/L849=2] | 在馆 | |
| 5 | 138012 | 201380120 | 能源与建筑环境工程学院资料室/ [索取号:TK3/L849=2] | 在馆 |